LEADER 03420nam0 2200733 i 450 001 RAV0194849 005 20251003044326.0 010 $a8815034366 010 $a8815062580 010 $a9788815062581 020 $aIT$b92-5014 100 $a20031023d1992 ||||0itac50 ba 101 | $aita 102 $ait 181 1$6z01$ai $bxxxe 182 1$6z01$an 183 1$6z01$anc$2RDAcarrier 200 1 $aˆIl ‰ruolo economico dello Stato$eun saggio$fJoseph E. Stiglitz$gcon i commenti di M. Perlman ... \et al.! 210 $aBologna$cIl mulino$d\1992! 215 $a198 p.$d21 cm 225 | $aUniversale paperbacks Il mulino$v268 300 $aTrad. di Marco Da Rin. 410 0$1001CFI0000033$12001 $aUniversale paperbacks Il mulino$v268 500 10$aˆThe ‰economic role of the State.$3MIL0168580$9CFIV114630$914536 606 $aPolitica economica$2FIR$3CFIC001692$9E 606 $aStato$xAttività economica$2FIR$3CFIC006351$9I 606 $aPolitica economica$2FIR$3CFIC001692$9E 606 $aECONOMIA$xINTERVENTO STATALE$2FIR$3MILC009690$9I 606 $aPolitica economica$2FIR$3CFIC001692$9E 606 $aECONOMIA$xINTERVENTO STATALE$2FIR$3MILC009690$9I 676 $a330.126$9ECONOMIE MISTE$v20 676 $a330.9$9$v21 676 $a338.9$9SVILUPPO ECONOMICO$v12 676 $a338.9$9Produzione. Sviluppo e crescita economica$v14 676 $a338.9$9SVILUPPO ECONOMICO$v19 676 $a338.9$9SVILUPPO ECONOMICO$v21 676 $a338.9$9SVILUPPO ECONOMICO$v22 676 $a339.5$9POLITICA MACROECONOMICA.$v21 696 $aEconomia reale$aAttività economiche$aAspetti economici 696 $aEconomia reale$aAttività economiche$aAspetti economici 699 $aEconomia$yEconomia reale 699 $aEconomia$zAttività economiche 699 $aEconomia$zAspetti economici 699 $aEconomia$yEconomia reale 699 $aEconomia$zAttività economiche 699 $aEconomia$zAspetti economici 700 1$aStiglitz$b, Joseph E.$3CFIV114630$4070$0303847 702 1$aPerlman$b, Morris$3CFIV059934 790 1$aStiglitz$b, Joseph Eugene$3TO0V159405$zStiglitz, Joseph E. 790 1$aStiglitz$b, Joseph Eugene$3TO0V159405$zStiglitz, Joseph E. 801 3$aIT$bIT-000000$c20031023 850 $aIT-BN0095 $aIT-SA0060 $aIT-AV0007 $aIT-NA0457 $aIT-NA0452 $aIT-NA0817 $aIT-NA0097 901 $bNAP OS$cBIBLIOTECA$n$ 901 $bNAP BI$cSALA 3 $nLibri da 1597 a 3785 901 $bNAP 27$cSALA $n$ 901 $bNAP IS$cISFSE $nSezione di materie economiche e sociali dell' ex Istituto sulle strutture finanziarie e lo sviluppo economico 901 $bNAP AV$cSEZ. M $nSezione Moderna 901 $bNAP SP$cNF. $nNUOVO FONDO 901 $bNAP 01$cPOZZO LIB.$nVi sono collocati fondi di economia, periodici di ingegneria e scienze, periodici di economia e statistica e altri fondi comprendenti documenti di economia pervenuti in dono. 912 $aRAV0194849 950 0$aBiblioteca Centralizzata di Ateneo$c1 v.$d 01POZZO LIB.ECON MON 8042$e 0101 0000092025E VMA 1 v. (stampa 1993. - Precedente collocazione: GUERRAZZI A 94)$fB $h20071121$i20071121 977 $a 01$a 27$a AV$a BI$a IS$a OS$a SP 996 $aEconomic role of the State$914536 997 $aUNISANNIO